The description and uses of a new contriv'd eliptical double dial; as also of the universal æquinoctial dial : Which serve to find the latitude, hour of the day, the true meridian, the altitude, azimuth, and declination of the sun; his place in the ecliptick, the time of his rising and setting, length of day and night, &c. With a scheme of each dial curiously engraven. Very useful for all seamen and travellers, and our curious gentry to set, examine, and adjust their pendulums. Whereunto is added a correct table of the latitude of the most eminent cities and towns in Europe; as also a table of equation. By Tho. Tuttell mathematical instument-maker at the Kings-Arms and Globe at Charing-Cross.

Bibliographic Details
Main Author: Tuttell, Thomas, fl. 1695-1702
Format: eBook
Language:English
Published: London : printed by W. Redmayne for the author, and are to be sold by J. Harris at the Harrow in Little-Brittain, 1698.
Series:Early English books online.
Subjects:
Online Access:Connect to the full text of this electronic book

MARC

Tag First Indicator Second Indicator Subfields
LEADER 00000nam a2200000Ia 4500
001 in00004313708
005 20200812084524.0
006 m g d
007 cr bn |||a|bb|
008 980528s1698 enk o 00| | eng d
035 |a (UnM)99895855 
037 |a CL0037000097  |b ProQuest Information and Learning. 300 N. Zeeb Rd., Ann Arbor, MI 48106 
040 |a Cu-RivES  |c Cu-RivES  |d Cu-RivES  |e dcrb  |d WaOLN 
100 1 |a Tuttell, Thomas,  |d fl. 1695-1702. 
245 1 4 |a The description and uses of a new contriv'd eliptical double dial; as also of the universal æquinoctial dial :  |b Which serve to find the latitude, hour of the day, the true meridian, the altitude, azimuth, and declination of the sun; his place in the ecliptick, the time of his rising and setting, length of day and night, &c. With a scheme of each dial curiously engraven. Very useful for all seamen and travellers, and our curious gentry to set, examine, and adjust their pendulums. Whereunto is added a correct table of the latitude of the most eminent cities and towns in Europe; as also a table of equation. By Tho. Tuttell mathematical instument-maker at the Kings-Arms and Globe at Charing-Cross. 
260 |a London :  |b printed by W. Redmayne for the author, and are to be sold by J. Harris at the Harrow in Little-Brittain,  |c 1698. 
300 |a 1 online resource ([16], 39, [9] pages) 
336 |a text  |b txt  |2 rdacontent 
337 |a computer  |b c  |2 rdamedia 
338 |a online resource  |b cr  |2 rdacarrier 
500 |a After imprint: Price stitcht one shilling. 
500 |a A1 is a folding leaf. 
500 |a "Eliptical" and "double" are joined by a right brace bracket. "Universal" and "æquinoctial" are also joined by a right brace bracket. 
500 |a Wing CD-ROM, 1996 has "elliptical" in the title. 
500 |a Reproduction of original in the Folger Shakespeare Library, Washington, D.C.. 
510 4 |a Wing (CD-Rom, 1996)  |c T3388A 
533 |a Electronic reproduction.  |b Ann Arbor, Mich. :  |c UMI,  |d 1999-  |f (Early English books online)  |n Digital version of: (Early English books, 1641-1700 ; 2374:47)  |7 s1999 miun s 
650 0 |a Dialing  |v Early works to 1800. 
650 0 |a Mathematical instruments  |v Early works to 1800. 
650 0 |a Scientific apparatus and instruments  |v Early works to 1800. 
830 0 |a Early English books online. 
856 4 0 |u http://proxy.library.tamu.edu/login?url=https://search.proquest.com/docview/2240908664  |z Connect to the full text of this electronic book  |t 0 
999 f f |s aed92810-74b1-3e87-81fe-2fe511dd70dc  |i ffbe3713-f03a-3d48-b103-f2bf91b11b5b  |t 0 
952 f f |a Texas A&M University  |b College Station  |c Electronic Resources  |d Available Online  |t 0  |h No information provided 
998 f f |t 0  |l Available Online